| 000 | 00430nam a2200169Ia 4500 | ||
|---|---|---|---|
| 005 | 20240805014438.0 | ||
| 008 | 240331s9999 xx 000 0 und d | ||
| 082 |
_bADU _a374 |
||
| 245 | 0 | _aAdult education and development | |
| 260 |
_aGermany _bGerman Adult Education Association _c1988 |
||
| 300 | _a404 p ., | ||
| 650 | _aPoverty | ||
| 650 | _aDisarmament | ||
| 650 | _aDevelopment | ||
| 700 |
_aHinzen, H. _eedt |
||
| 942 | _cL | ||
| 999 |
_c2932 _d2932 |
||